Sufismo y taoísmo (Record no. 185761)

MARC details
000 -LEADER
campo de control de longitud fija 01003nam a2200289 i 4500
001 - NÚMERO DE CONTROL
campo de control 185761
003 - IDENTIFICADOR DE NÚMERO DE CONTROL
campo de control SpMaBN
005 - FECHA Y HORA DE LA ÚLTIMA TRANSACCIÓN
campo de control 20251001145224.0
008 - DATOS DE LONGITUD FIJA--INFORMACIÓN GENERAL
campo de control de longitud fija 160805s1997 sp |||| | spa d
020 ## - NÚMERO INTERNACIONAL ESTÁNDAR DEL LIBRO
Número Internacional Estándar del Libro 84-7844-342-8
080 ## - NÚMERO DE LA CLASIFICACIÓN DECIMAL UNIVERSAL
Número de la Clasificación Decimal Universal 297.14
080 ## - NÚMERO DE LA CLASIFICACIÓN DECIMAL UNIVERSAL
Número de la Clasificación Decimal Universal 299.513
100 1# - ENTRADA PRINCIPAL--NOMBRE DE PERSONA
Nombre de persona Izutsu, Toshihiko (
Fechas asociadas al nombre 1859-1911)
9 (RLIN) 160363
245 10 - MENCIÓN DEL TÍTULO
Título Sufismo y taoísmo
Resto del título : estudio comparativo de conceptos filosóficos clave /
Mención de responsabilidad, etc. Toshihiko Izutsu ; traducción de Anne-Hélène Suárez.
246 34 - FORMA VARIANTE DEL TITULO
Título propio/Titulo breve Sufismo y taoísmo.
Número de parte o sección de la obra v. 1,
Nombre de parte o sección de la obra Ibn 'Arabi
260 ## - PUBLICACIÓN, DISTRIBUCIÓN, ETC.
Lugar de publicación, distribución, etc. Madrid :
Nombre del editor, distribuidor, etc. Siruela,
Fecha de publicación, distribución, etc. [1997]
300 ## - DESCRIPCIÓN FÍSICA
Extensión 339 p. ;
Dimensiones 22 cm.
490 1# - MENCIÓN DE SERIE
Mención de serie El árbol del paraíso ;
Designación de volumen o secuencia 10
505 8# - NOTA DE CONTENIDO CON FORMATO
Nota de contenido con formato Contiene: v. 1 ;
Título Ibn 'Arabi
650 #7 - PUNTO DE ACCESO ADICIONAL DE MATERIA--TÉRMINO DE MATERIA
Término de materia o nombre geográfico como elemento de entrada Sufismo.
9 (RLIN) 17256
650 07 - PUNTO DE ACCESO ADICIONAL DE MATERIA--TÉRMINO DE MATERIA
Término de materia o nombre geográfico como elemento de entrada Taoísmo.
9 (RLIN) 17283
700 1# - ENTRADA AGREGADA--NOMBRE PERSONAL
Nombre de persona Suárez Girard, Anne-Hélène,
Fechas asociadas al nombre 1960-
9 (RLIN) 160364
740 02 - ENTRADA AGREGADA--TÍTULO RELACIONADO/ANALÍTICO NO CONTROLADO
Título relacionado o analítico no controlado Ibn 'Arabi.
830 03 - PUNTO DE ACCESO ADICIONAL DE SERIE-TÍTULO UNIFORME
Título uniforme El árbol del paraíso
Designación de volumen o secuencia 10
9 (RLIN) 179942
852 ## - LOCALIZACIÓN
Ubicación ES-MaACL
Número de control de estantería L-30525
Nota libre . - Donat. Miguel A. Velasco
Holdings
Estatus retirado Estado de pérdida Estado de daño No para préstamo Biblioteca de origen Biblioteca actual Ubicación en estantería Fecha de adquisición Fuente de adquisición Total de préstamos Signatura topográfica completa Código de barras Visto por última vez Precio de reemplazo Tipo de ítem Koha
        Biblioteca del Ateneo de Madrid Biblioteca del Ateneo de Madrid Depósito 2 05/08/2016     L-30525 1195815 23/02/2023 23/02/2023 Libro impreso